00329nam a22000857a 4500100003900000245012500039260003000164300000700194700004200201 aMuhammad Abu Bakar Shaikh a15ME27 aDevelopment and performance anaylysis of a rought terrain RC vehicle using rocker bogie mechanical with live video feed  aNawabshah bQuest c2019  a43 aDepartment of Mechanical Engineering